Mike Parrett's guide to building pathology (Record no. 104809)

MARC details
000 -LEADER
fixed length control field 01671cam a2200253 4500
001 - CONTROL NUMBER
control field ##L131708
008 - FIXED-LENGTH DATA ELEMENTS--GENERAL INFORMATION
fixed length control field 051130n2006 000 0 eng u
035 ## - SYSTEM CONTROL NUMBER
System control number (Sirsi) u131708
041 0# - LANGUAGE CODE
Language code of text/sound track or separate title eng
050 04 - LIBRARY OF CONGRESS CALL NUMBER
Classification number 627.4 $2 18
100 1# - MAIN ENTRY--PERSONAL NAME
Personal name Parrett, Mike
245 00 - TITLE STATEMENT
Title Mike Parrett's guide to building pathology
Remainder of title drainage and services
Medium [video recording]
260 ## - PUBLICATION, DISTRIBUTION, ETC.
Place of publication, distribution, etc. London
Name of publisher, distributor, etc. Limelite Media
Date of publication, distribution, etc. 2006
300 ## - PHYSICAL DESCRIPTION
Extent 1 DVD (ca. 90 min.)
350 ## - PRICE (NR) (BK AM CF MU VM SE) [OBSOLETE]
Price 59.49
490 #0 - SERIES STATEMENT
Series statement Mike Parrett's Guide to Building Pathology
505 1# - FORMATTED CONTENTS NOTE
Formatted contents note Who is responsible for road mains -- Under floor leaks in timber and solid floors -- Problems with hidden drainage in tower block -- Detecting mains leaks: chemical test, listening stick, mains access cover inspection, siphon test -- Methods for dealing with drains in-situ -- CCTV -- Water jetting -- Invert levels and sufficient falls -- Detecting services -- Discussion of pipe-bursting and impact-modelling -- Tree roots and over-planting -- Root cutters -- Pipe lining -- Discussion of re-rounding -- Health and safety issues -- Simple drain checks - flush test and pressure test -- Part H of Building Regulations -- Ground water measurement -- Flood drainage -- Sustainable Urban Drainage Systems
520 ## - SUMMARY, ETC.
Summary, etc. This DVD explains how to discover whether drains or water supplies are leaking, where they are, who is responsible for them, and how they can be repaired. Includes case studies.
650 24 - SUBJECT ADDED ENTRY--TOPICAL TERM
Topical term or geographic name entry element BUILDING REGULATIONS 2000 APPROVED DOCUMENT H (2002 EDITION)
690 ## - LOCAL SUBJECT ADDED ENTRY--TOPICAL TERM (OCLC, RLIN)
Topical term or geographic name as entry element ENVIRONMENTAL AND LAND CONSULTANCY-WATER RESOURCE MANAGEMENT-DRAINAGE
690 ## - LOCAL SUBJECT ADDED ENTRY--TOPICAL TERM (OCLC, RLIN)
Topical term or geographic name as entry element BUILT ENVIRONMENT-BUILDING PATHOLOGY
942 ## - ADDED ENTRY ELEMENTS (KOHA)
Suppress in OPAC 0
Holdings
Withdrawn status Lost status Source of classification or shelving scheme Damaged status Not for loan Home library Current library Shelving location Date acquired Total Checkouts Full call number Barcode Date last seen Date last checked out Copy number Price effective from Koha item type
    Dewey Decimal Classification     London London Enquiry desk 19/06/2006 50 ENQUIRY DESK 30073067 06/08/2019 01/03/2010 1 06/08/2019 Audio
    Dewey Decimal Classification     London London Enquiry desk 17/07/2006 32 ENQUIRY DESK 30073140 06/08/2019 23/10/2008 3 06/08/2019 Audio